000 00347nam a2200133Ia 4500
008 260604s9999 xx 000 0 und d
020 _a9781032823089
082 _a658.8 SPI
100 _aSPINLEY [AARRON]
_935630
245 0 _aTHE CUSTOMERING METHOD: FROM CX DOGMA TO CUSTOMER SCIENCE
260 _bROUTLEDGE
500 _aMarketing
942 _cBK
999 _c8454
_d8454